الغذاء و التغذية / (Record no. 74832)

MARC details
000 -LEADER
fixed length control field 00575nam a22001937a 4500
005 - DATE AND TIME OF LATEST TRANSACTION
control field 20251108172255.0
008 - FIXED-LENGTH DATA ELEMENTS--GENERAL INFORMATION
fixed length control field 250721s2000 xx 000 0 ara d
082 14 - DEWEY DECIMAL CLASSIFICATION NUMBER
Classification number 641.1/فطا
100 1# - MAIN ENTRY--PERSONAL NAME
Personal name فطاير، عبد الرحيم
245 10 - TITLE STATEMENT
Title الغذاء و التغذية /
264 1# - PRODUCTION, PUBLICATION, DISTRIBUTION, MANUFACTURE, AND COPYRIGHT NOTICE
Place of production, publication, distribution, manufacture عمان :
Name of producer, publisher, distributor, manufacturer الدار العلمية للنشر و التوزيع،
Date of production, publication, distribution, manufacture, or copyright notice 2000.
300 ## - PHYSICAL DESCRIPTION
Extent 342ص
650 17 - SUBJECT ADDED ENTRY--TOPICAL TERM
Topical term or geographic name as entry element التغذية
650 17 - SUBJECT ADDED ENTRY--TOPICAL TERM
Topical term or geographic name as entry element الحميات العلاجية
650 17 - SUBJECT ADDED ENTRY--TOPICAL TERM
Topical term or geographic name as entry element المغذيات
650 17 - SUBJECT ADDED ENTRY--TOPICAL TERM
Topical term or geographic name as entry element البروتينات
942 ## - ADDED ENTRY ELEMENTS (KOHA)
Source of classification or shelving scheme Dewey Decimal Classification
Koha item type Books
Holdings
حالة السحب حالة الفقدان مصدر التصنيف حالة التلف غير قابل للإعارة المكتبة الرئيسية المكتبة الحالية موقع الرف تاريخ التزويد الرقم المتسلسل Total Checkouts رقم الإستدعاء الباركود تاريخ آخر ظهور تاريخ الفاتورة نوع المادة (كوها)
    Dewey Decimal Classification     المكتبة المركزية المكتبة المركزية الإعارة 06/07/2004 406547   641.1/فطا 406547 28/07/2025 06/07/2004 Books
    Dewey Decimal Classification     المكتبة المركزية المكتبة المركزية الإعارة 28/07/2025 406548   641.1/فطا 406548 28/07/2025 28/07/2025 Books
    Dewey Decimal Classification     المكتبة المركزية المكتبة المركزية الإعارة 28/07/2025 406549   641.1/فطا 406549 28/07/2025 28/07/2025 Books
    Dewey Decimal Classification Unchecked   مكتبة أبو علندا العامة مكتبة أبو علندا العامة الإعارة 06/07/2004 406570   641.1/فطا   28/07/2025 06/07/2004 Books
    Dewey Decimal Classification     مكتبة أم قصير والمقابلين العامة مكتبة أم قصير والمقابلين العامة الإعارة 06/07/2004 406569   641.1/فطا 406569 28/07/2025 06/07/2004 Books
    Dewey Decimal Classification     مكتبة الأميرة ايمان العامة مكتبة الأميرة ايمان العامة الإعارة 06/07/2004 406561   641.1/فطا 406561 28/07/2025 06/07/2004 Books
    Dewey Decimal Classification     مكتبة الاميرة بديعة مكتبة الاميرة بديعة الإعارة 06/07/2004 406564   641.1/فطا 406564 28/07/2025 06/07/2004 Books
    Dewey Decimal Classification     مكتبة الحسن العامة مكتبة الحسن العامة الإعارة 06/07/2004 406566   641.1/فطا 406566 28/07/2025 06/07/2004 Books
    Dewey Decimal Classification     مكتبة الراية الهاشمية للأطفال مكتبة الراية الهاشمية للأطفال الأطفال 13/10/2015 1466196.   641.1/فطا PLD00355522 28/07/2025 13/10/2015 Books
    Dewey Decimal Classification     مكتبة حمزة العامة مكتبة حمزة العامة الإعارة 06/07/2004 406567   641.1/فطا 406567 28/07/2025 06/07/2004 Books
    Dewey Decimal Classification     مكتبة صويلح العامة مكتبة صويلح العامة الإعارة 06/07/2004 406562   641.1/فطا 406562 28/07/2025 06/07/2004 Books
    Dewey Decimal Classification Unchecked   مكتبة وادي السير العامة مكتبة وادي السير العامة الإعارة 06/07/2004 406571   641.1/فطا   28/07/2025 06/07/2004 Books
Implemented & Customized by: BBB with SCIT (Smart Chains for Information Technology)

Powered by Koha